| 000 | 01167nam0a2200325 4500 | ||
|---|---|---|---|
| 001 | RU\NLR\bibl\1335898 | ||
| 005 | 20250615165149.0 | ||
| 010 |
_a978-5-9524-3996-2 _94000 |
||
| 021 |
_aRU _b2008-107143 _96316 |
||
| 035 | _a(NLR Aleph) 001321097 | ||
| 090 |
_a740413 _c740413 |
||
| 100 | _a20090304d2009 |||y0rusy50 ca | ||
| 101 | 1 |
_arus _ceng |
|
| 102 | _aRU | ||
| 105 | _ay ||||||||| | ||
| 200 | 1 |
_aРазвитие психических сил и сверхъестественных способностей _eпрактическое руководство _fЭллен Дуган _g[пер. с англ. М. Блиновой] |
|
| 210 |
_aМосква _cЦентрполиграф _d2009 |
||
| 215 |
_a222, [1] с. _d21 |
||
| 225 | 1 | _aМАГиЯ шаг за шагом | |
| 300 | _aНа доп. тит. л. загл.: Natural witchery/ Ellen Dugan | ||
| 513 | 0 | _aNatural witchery | |
| 606 | 1 |
_aМагия _91615580 _3RU\NLR\auth\66712354 |
|
| 686 | _aЭ240.03 | ||
| 700 | 1 |
_aДуган _bЭ. _gЭллен _4070 |
|
| 801 | 0 |
_aRU _bNLR _c20090304 _gRCR |
|
| 801 | 1 |
_aRU _bNLR _c20090304 |
|
| 830 | _aпо кн | ||
| 942 | _cBOOK | ||
| 980 | _aNB | ||